000 01154nam a2200253Ia 4500
003 OSt
005 20220923225350.0
006 a|||||r|||| 00| 0
007 ta
008 220922b |||||||| |||| 00| 0 hin d
024 _a264,244
037 _cTextual
040 _aARTS
_cARTS
_bhin
041 _2hin
_ahin
082 _aP15:1:g, 152L3
100 _aवर्मा, सिद्धेश्वर
_9156365
245 0 _aप्राचीन भारतीय वैयाकरणों के ध्वन्यात्मक विचारों का विवेचनात्मक अध्ययन, अनु देवीदत्त शर्मा
246 _aPrāchīn bhāratīya vaiyākaraṇoan ke dhvanyātmak vichāroan kā vivechanātmak adhyayana, anu0 devīdatta sharmā
260 _aचण्डीगढ़
_b हरियाणा हिन्दी ग्रन्थ अकादमी
_c1973
300 _a223पृ.
_ccm.
650 _aहिन्दी भाषा
942 _hP15:1:g, 152L3
_cTEXL
_2CC
999 _c377792
_d377792